Statystyki dla Odpowiedź zaczyna się na P

Kliknij tutaj aby rozwiązać quiz!

Ogólne statystyki

  • Ten quiz został rozwiązany 74 razy
  • Średni wynik to 8 z 15

Statystyki odpowiedzi

OpisOdpowiedź% Poprawnych
Obszar nad brzegiem morza, jeziora lub rzeki, który jest zwykle wykorzystywany do rekreacji i wypoczynku.Plaża
88%
Hiszpański malarz i rzeźbiarz, jeden z najważniejszych artystów XX wieku, znany ze swojego wkładu w rozwój sztuki nowoczesnej.Pablo Picasso
80%
To kraj w Ameryce Środkowej, znany z Kanału Panamskiego - kluczowej arterii wodnej, która łączy Atlantyk z Pacyfikiem. Ma różnorodne krajobrazy, w tym deszczowe lasy, góry i piękne wybrzeża.Panama
80%
Silne zainteresowanie lub zaangażowanie w jakąś dziedzinę, hobby lub działalność.Pasja
80%
Stan braku konfliktu lub walki, a także fizyczne pomieszczenie przeznaczone do odpoczynku czy pracy.Pokój
80%
Organiczny związek chemiczny, hydroksylowa pochodna acetanilidu, stosowany jako lek o działaniu przeciwbólowym i przeciwgorączkowym.Paracetamol
68%
Starogrecki filozof, jeden z najważniejszych myślicieli w historii, założyciel Akademii w Atenach.Platon
66%
Polski kompozytor i pianista, znany ze swoich dzieł symfonicznych oraz współpracy z różnymi artystami - imię.Piotr
59%
Stan w północno-wschodniej części Stanów Zjednoczonych, pomiędzy rzeką Delaware a jeziorem Erie.Pensylwania
55%
Miasto położone w północno-wschodniej części kraju, nad rzeką Taedong; ma głęboko zakorzenione znaczenie symboliczne dla reżimu komunistycznego; jest ograniczone w kontakcie z resztą świata, a większość informacji wychodzących z miasta jest kontrolowana przez władze.Pjongjang
50%
Skóra zwierzęca, często używana w przeszłości jako materiał do pisania lub rysowania.Pergamin
34%
Sprzeczność lub zaskakujący wyjątek od normy, prowadzący do głębszych refleksji.Paradoks
29%
Wirusowa choroba wywołująca paraliż i osłabienie mięśni, szczepienia skutecznie kontrolują tę chorobę/ paraliż dziecięcyPolio
27%
Wzorzec, model lub przykład, który stanowi podstawę dla określonej teorii, metodyki lub podejścia.Paradygmat
2%
Zmiana pozycji obiektu widzianego z różnych punktów widzenia, często używana w astronomii.Paralaksa
2%

Rozkład punktacji

Percentyl według liczby udzielonych odpowiedzi

Procent ludzi z każdym wynikiem

Twoja historia wyników

Nie rozwiązałeś tego quizu